Selected writings on literature and language (Record no. 17865)

MARC details
000 -LEADER
fixed length control field 00721nam a2200205Ia 4500
003 - CONTROL NUMBER IDENTIFIER
control field IN-BaIIA
008 - FIXED-LENGTH DATA ELEMENTS--GENERAL INFORMATION
fixed length control field 211028s9999 xx 000 0 eng d
020 ## - INTERNATIONAL STANDARD BOOK NUMBER
International Standard Book Number 978-0-19-806968-3
040 ## - CATALOGING SOURCE
Transcribing agency IIA Library
080 ## - UNIVERSAL DECIMAL CLASSIFICATION NUMBER
Universal Decimal Classification number 82
Item number TAG-3
245 #0 - TITLE STATEMENT
Title Selected writings on literature and language
Statement of responsibility, etc. edited by Rabindranath Tagore and Sukanta Chaudhuri
260 ## - PUBLICATION, DISTRIBUTION, ETC.
Place of publication, distribution, etc. New Delhi
Name of publisher, distributor, etc. Oxford University Press
Date of publication, distribution, etc. 2001
300 ## - PHYSICAL DESCRIPTION
Extent xvi, 413p.
650 ## - SUBJECT ADDED ENTRY--TOPICAL TERM
Topical term or geographic name entry element English literature and language
9 (RLIN) 33955
650 ## - SUBJECT ADDED ENTRY--TOPICAL TERM
Topical term or geographic name entry element Essays, stories, poems etc
9 (RLIN) 33956
650 ## - SUBJECT ADDED ENTRY--TOPICAL TERM
Topical term or geographic name entry element Tagore, Rabindranath
9 (RLIN) 33957
700 ## - ADDED ENTRY--PERSONAL NAME
Personal name Chaudhuri, Sukanta, ed.
9 (RLIN) 33958
700 ## - ADDED ENTRY--PERSONAL NAME
Personal name Tagore, Rabindranath., ed.
9 (RLIN) 33959
942 ## - ADDED ENTRY ELEMENTS (KOHA)
Koha item type Books
Holdings
Withdrawn status Lost status Damaged status Not for loan Home library Current library Shelving location Date acquired Source of acquisition Cost, normal purchase price Total Checkouts Full call number Barcode Date last seen Cost, replacement price Price effective from Koha item type Purchase Price
        IIA Library-Bangalore IIA Library-Bangalore General Stacks 11/12/2010 OUP 1771.75   82/ TAG-3 18787 05/11/2021 1771.75 11/12/2010 Books Rs. 1771.75

Powered by Koha